Statistics for 2024 New York Yankees Roster

Click here to take the quiz!

General Stats

  • This quiz has been taken 137 times
    (76 since last reset)
  • The average score is 19 of 34

Answer Stats

#Player% Correct
99Aaron Judge
98%
22Juan Soto
95%
48Anthony Rizzo
91%
11Anthony Volpe
91%
95Oswaldo Cabrera
89%
25Gleyber Torres
87%
27Giancarlo Stanton
85%
24Alex Verdugo
84%
39Jose Trevino
84%
81Luis Gil
80%
0Marcus Stroman
78%
28Austin Wells
76%
35Clay Holmes
76%
55Carlos Rodón
75%
65Nestor Cortes
75%
36Clarke Schmidt
71%
12Trent Grisham
65%
19Jon Berti
60%
14Jahmai Jones
51%
71Ian Hamilton
49%
64Caleb Ferguson
47%
53Dennis Santana
44%
47Victor González
44%
57Nick Burdi
40%
30Luke Weaver
38%
43Jonathan Loáisiga
33%
97Ron Marinaccio
31%
50Michael Tonkin
29%
54Jake Cousins
20%
33Taylor Trammell
16%
72Cody Poteet
13%
29Clayton Beeter
9%
74Kevin Smith
4%
61Josh Maciejewski
0%

Score Distribution

Percentile by Number Answered

Percent of People with Each Score

Your Score History

You have not taken this quiz since the last reset